UBT Library

Bestücken von Leiterplatten mit Industrierobotern / (Record no. 70)

000 -LEADER
fixed length control field 00803cam a2200241 a 4500
005 - DATE AND TIME OF LATEST TRANSACTION
control field 20131009055142.0
008 - FIXED-LENGTH DATA ELEMENTS--GENERAL INFORMATION
fixed length control field 881107s1988 gw a b 000 0 ger
020 ## - INTERNATIONAL STANDARD BOOK NUMBER
International Standard Book Number 0387500138 (U.S.) :
041 0# - LANGUAGE CODE
Language code of text/sound track or separate title ger
080 ## - UNIVERSAL DECIMAL CLASSIFICATION NUMBER
Universal Decimal Classification number 007.52
100 1# - Rafti
Rafti Wolf, Ernst,
100 1# - Rafti
-- Dipl.-Ing.
245 10 - TITLE STATEMENT
Title Bestücken von Leiterplatten mit Industrierobotern /
Statement of responsibility, etc Ernst Wolf.
260 ## -
-- Berlin ;
-- New York :
-- Springer,
-- 1988.
300 ## -
-- 132 p. :
-- 63 ill. ;
-- 21 cm.
440 #0 -
-- IPA-IAO Forschung und Praxis ;
-- Bd. 121
500 ## -
-- Vorwort f. : [VII]
504 ## - BIBLIOGRAPHY, ETC. NOTE
Bibliography, etc Bibliography: p. [123]-132.
650 #0 -
-- Qarqet elektornike
-- Projektimi dhe ndërtimi
-- Automatët
650 #0 -
-- Robotët
650 #0 -
-- Automatët
942 ## - ADDED ENTRY ELEMENTS (KOHA)
Source of classification or shelving scheme
Item type Books
Holdings
Withdrawn status Lost status Source of classification or shelving scheme Damaged status Not for loan Collection code Permanent location Current location Shelving location Date acquired Total Checkouts Full call number Barcode Date last seen Price effective from Koha item type
          Koleksioni i përgjithshem UBT - Prishtine UBT - Prishtine Koleksioni i përgjithshem 10/09/2013   007.52 SPR 001-000062 10/09/2013 10/09/2013 Books
UBT Library © 2015-2024. All rights reserved University Education for Business and Technology